Чествование М. П. Беляева по случаю пятилетия создания Русских симфонических концертов. Слева направо: В. В. Стасов, К. Ф. Антип...

RUSMARC
00011358cmc2a2200397#x 450
00184c37778-1ac7-4e18-9ee2-498ff9959da2
00520240321143346.0
100##$a20160203l18891889u##a0rusy0189 ##
1010#$arus
102##$aRU
106##$as
116##$afiybxx####zz####zz
1220#$ad18750518##
135##$acrbn#024auada
139##$aua##
$xjpg
2001#$aЧествование М. П. Беляева по случаю пятилетия создания Русских симфонических концертов. Слева направо: В. В. Стасов, К. Ф. Антипов, С. М. Блюменфельд, А. Н. Антипов, А. А. Копылов, А. К. Лядов, Н. А. Лавров, Ф. М. Блюменфельд, С. А. Дианин, Ц. А. Кюи, Н. А. Арцыбушев, П. А. Трифонов, Н. А. Римский-Корсаков, М. П. Беляев, Н. А. Соколов, А. К. Глазунов, А. А. Петров, Я. Витоль
$e[фотография]
$fМ. М. Курбанов
$j1889
215##$cФотопечать, черно-белая
$d17х20,5 см
2251#$aФонд Римский-Корсаков Н. А.
$eФ. 7 (бывший "А"), ед. хр. 1768*, 1852-1954 гг.
$hОпись № 3 (Иконография-3)
251##$cДокумент
300##$aЗаглавие из сопроводительного документа
316##$aНа обороте фотографии штампы и рукописные пометы
$5КР РИИИ
325##$aЭлектронная репродукция (2 файла, 300 dpi, JPEG, 6,5 МБ)
3271#$aГрупповая фотография
337##$aРежим доступа: интернет-портал Президентской библиотеки имени Б. Н. Ельцина
371##$aКопирование пользователями не разрешается
600#1$aСтасов
$gВладимир Васильевич
$bВ.В.
$f1824 - 1906
$jФотографии
$2nlr_sh1
$3RU\NLR\AUTH\66513479
600#1$aКопылов
$gАлександр Александрович
$bА. А.
$f1854 - 1911
$jФотографии
$2prlib_sh
$3LIBNET\UAF\0000061805
600#1$aЛядов
$gАнатолий Константинович
$bА.К.
$f1855 - 1914
$jФотографии
$2nlr_sh1
$3RU\NLR\AUTH\66672704
600#1$aРимский-Корсаков
$gНиколай Андреевич
$bН.А.
$f1844 - 1908
$jФотографии
$2nlr_sh
$3RU\NLR\AUTH\66370463
600#1$aБеляев
$gМитрофан Петрович
$bМ.П.
$f1836 - 1904
$jФотографии
$2prlib_sh
$3LIBNET\UAF\0000061802
600#1$aГлазунов
$gАлександр Константинович
$bА.К.
$f1865 - 1936
$jФотографии
$2nlr_sh1
$3RU\NLR\AUTH\66405123
600#1$aВитоль
$gИосиф Иванович
$bИ. И.
$f1863 - 1948
$jФотографии
$2prlib_sh
$3LIBNET\UAF\0000061804
600#1$aКюи
$gЦезарь Антонович
$bЦ.А.
$f1835 - 1918
$jФотографии
$2nlr_sh1
$3RU\NLR\AUTH\66612211
600#1$aБлуменфельд
$gФеликс Михайлович
$bФ.М.
$f1863 - 1931
$jФотографии
$2nlr_sh1
$3RU\NLR\AUTH\66163565
600#1$aБлуменфельд
$gСигизмунд Михайлович
$bС. М.
$f1852 - 1920
$jФотографии
$2prlib_sh
$3LIBNET\UAF\0000061808
600#1$aСоколов
$gНиколай Александрович
$bН. А.
$f1859 - 1922
$jФотографии
$2prlib_sh
$3LIBNET\UAF\0000061809
600#1$aТрифонов
$gПорфирий Алексеевич
$bП. А.
$f1844 - 1896
$jФотографии
$2prlib_sh
$3LIBNET\UAF\0000061810
605##$2acquisition_Prlib
$3DITM\AF\0000003834
$aНарод
$lколлекция
605##$2acquisition_Prlib
$3DITM\AF\0000004166
$aРоссия в лицах
$lколлекция
605##$aВ. В. Стасов
$lколлекция
$2acquisition_Prlib
$3LIBNET\UAF\0000110516
608##$2prlib_sh
$3DITM\AF\0000001706
$aГрупповые фотографии
686##$a85.313(2=411.2)52я01
$vLBC/M
$2rubbk
686##$a85.313(2=411.2)52я611
$vLBC/M
$2rubbk
700#1$3LIBNET\UAF\0000061784
$aКурбанов
$bМ. М.
$f1857-1941
$gМихаил Михайлович
801#0$aRU
$bПБ им. Б.Н. Ельцина
$c20160203
801#1$aRU
$bПБ им. Б.Н. Ельцина
$c20160203
$2rusmarc
801#2$aRU
$bПБ им. Б.Н. Ельцина
$c20160203
$gRCR
$2rusmarc
850##$aКабинет рукописей Российского института истории искусств
852##$aКР РИИИ
$jЕд. хр. 965
035##$aLIBNET\0000629657
937##$d55333472
$hПБ
461#0$100173e3603d-35c3-4867-8f14-2ff4d5f6369d
$12001
$aРимский-Корсаков Н. А.
$1251
$cФонд
$1852
$j7
462#0$10015e05fd66-67d1-49c8-9ffd-5664b437000b
$12000
$aОп. 1
$vЕд. хр. 965
$1251
$cОпись
$1852
$j1
6061#$aМузыканты русские
$jФотографии
$z19 - 20 вв.
$2nlr_sh
$3RU\NLR\AUTH\661463459
6061#$aДеятели культуры
$jФотографии
$yРоссия
$2nlr_sh
$3RU\NLR\AUTH\6601540828
60102$aБеляевский кружок
$cСанкт-Петербург, город
$jФотографии
$2prlib_sh
$3LIBNET\UAF\0000061807
8564#$uhttp://www.prlib.ru/Lib/pages/item.aspx?itemid=138858
Формат отображения